| 000 | 00808nam a22002412 4500 | ||
|---|---|---|---|
| 001 | 0000023395 | ||
| 005 | 20151021151146.0 | ||
| 008 | 121120s xx 000 0 eng d | ||
| 020 | _a8126505761 : | ||
| 040 |
_aKABU _cKABU |
||
| 100 | 1 |
_aCole, Eric. _@0000182765 |
|
| 245 | 1 | 0 |
_aNetwork security bible / _cEric Cole, Ronald Krutz, James W. Conley. |
| 250 | _a1st ed. | ||
| 260 |
_aIndia : _bWiley, _c2005. |
||
| 300 | _axxiv, 660 p. | ||
| 650 | 0 |
_aComputer security. _@0000148177 |
|
| 650 | 0 |
_aComputer network _xSecurity measures. _@0000182766 |
|
| 908 | _a121120 | ||
| 950 | _@1 | ||
| 999 |
_c1324 _d1324 |
||